000 00474nam a22001697a 4500
999 _c2313
_d2313
008 200221b ||||| |||| 00| 0 eng d
020 _a9788170355489
082 0 0 _a595.709
_bK9637
100 _91893
_aKumar, A.
245 1 0 _aEco-biology of aquatic insects /
_cby A. Kumar ; edited by H. Kaur
250 _a1st ed.
260 _aDelhi,
_bDaya Publication:
_c2008.
300 _axi,247p.
650 0 _aAquatic Biodiversity
700 _95453
_aKaur, H
_eeditor
942 _cBK